| 000 | 00691nam a22001577a 4500 | ||
|---|---|---|---|
| 003 | OSt | ||
| 005 | 20150920090200.0 | ||
| 008 | 150920b xxu||||| |||| 00| 0 eng d | ||
| 040 | _cRUA | ||
| 082 | _aAGR SOR 2008 B037 Or.1 | ||
| 100 |
_9903 _aSOR, CHANRITH. |
||
| 245 | _acoparison on seedling age and tille of acar 11 variety numberat the royal university of agriculture (ប្រៀបធៀបលើអាយុសំណាប និងចំនួនដើមស្ទូងពូជស្រូវខា ១១ នៃសាកលវិទ្យាល័យភូមិន្ទកសិកម្ម) | ||
| 260 |
_aPhnom Penh _bRUA _c2008 |
||
| 300 |
_a48p. _bill. _c29cm. |
||
| 942 |
_2ddc _cAGR |
||
| 999 |
_c871 _d871 |
||